| 000 -LEADER |
| fixed length control field |
00927nam a2200205Ia 4500 |
| 001 - CONTROL NUMBER |
| control field |
8375 |
| 003 - CONTROL NUMBER IDENTIFIER |
| control field |
GE_BSU |
| 005 - DATE AND TIME OF LATEST TRANSACTION |
| control field |
20201217123236.0 |
| 008 - FIXED-LENGTH DATA ELEMENTS--GENERAL INFORMATION |
| fixed length control field |
181216s||||||||xx |||||||||||||| ||und|| |
| 040 ## - CATALOGING SOURCE |
| Transcribing agency |
GE_BSU |
| 245 ## - TITLE STATEMENT |
| Title |
კრიმინოლოგი 1 (7-8) 2012-2013 : |
| Remainder of title |
სამეცნიერო–პრაქტიკული ჟურნალი / |
| Statement of responsibility, etc. |
ტექნ.რედ.იოსებ წიკლაური, შორენა ხაინდრავა. |
| 260 ## - PUBLICATION, DISTRIBUTION, ETC. |
| Date of publication, distribution, etc. |
თბილისი, |
| Name of publisher, distributor, etc. |
2013. |
| 300 ## - PHYSICAL DESCRIPTION |
| Extent |
138 გვ. |
| Other physical details |
30 სმ. |
| 520 ## - SUMMARY, ETC. |
| Summary, etc. |
გამოდის 2007 წლიდან |
| 653 ## - INDEX TERM--UNCONTROLLED |
| Uncontrolled term |
კრიმინოლოგი |
| 653 ## - INDEX TERM--UNCONTROLLED |
| Uncontrolled term |
სამართალი |
| 700 ## - ADDED ENTRY--PERSONAL NAME |
| Personal name |
წიკლაური, იოსებ |
| Relator term |
რედაქტორი |
| 9 (RLIN) |
9929 |
| 700 ## - ADDED ENTRY--PERSONAL NAME |
| Personal name |
ხაინდრავა, შორენა |
| Relator term |
რედაქტორი |
| 9 (RLIN) |
9930 |
| 942 ## - ADDED ENTRY ELEMENTS (KOHA) |
| Koha item type |
პერიოდიკა |
| Source of classification or shelving scheme |
|